Datum a čas kvízu
32
Celkem bodů
Celkový počet nahraných bodů na tomto kvízu bez doplňovacích otázek.
1.
Pořadí na kvízu
Konečné umístění týmu na tomto kvízu.
Zaznamenané odpovědi
| # | Otázka | Odpověď | Body | Výsledky |
|---|---|---|---|---|
| 1. | Vozidla taxislužeb již zřejmě... | taxametrem | 1 | |
| 2. | Hasiči z hesenského Bensheimu... | krysu | 0 | |
| 3. | V minulých dnech bylo oznámeno... | Marek Ztracený | 1 | |
| 4. | Irský oděvní řetězec, populárn... | Primark | 1 | |
| 5. | Český cyklista Zdeněk Štybar o... | v Belgii | 0 | |
| 6. | Karlovy Vary, Kutná Hora, Klad... | Klatovy | 1 | |
| 7. | Oganesson, xenon, radon, argon... | neon | 1 | |
| 8. | Babiš, Sobotka, Zeman, Topolán... | Josef Tošovský | 1 | |
| 9. | Bohdalová, Kubišová, Rettigová... | Božena Němcová | 1 | |
| 10. | Komedie omylů, Zkrocení zlé že... | Mnoho povyku pro nic | 0 |